| 000 | 01182cam a22002891i 4500 | ||
|---|---|---|---|
| 003 | SA-RiAUC | ||
| 005 | 20250925081525.0 | ||
| 008 | 250920s1981 ti g 000 0 ara c | ||
| 040 |
_aSA-MuMU _bara _cSA-RiAUC _erda |
||
| 043 | _af-ti--- | ||
| 050 | 4 | _bM38 1981 | |
| 082 | 0 | 4 |
_a961.18 _qSA-RiAUC |
| 090 |
_a961.18 _bم ط و |
||
| 100 | 1 |
_aالمطوي، محمد العروسي، _d1920-2005 _eمؤلف. |
|
| 245 | 1 | 0 |
_aسيرة القيروان : _bرسالتها الدينية والثقافية في المغرب الإسلامي / _cتأليف محمد العروسي المطوي. |
| 264 | 1 |
_aتونس : _bالدار العربية للكتاب، _c1981 |
|
| 300 |
_a168 صفحة ؛ _bمصور ؛ _c21 سم |
||
| 336 |
_aنص _btxt _2rdacontent _3كتاب |
||
| 337 |
_aبدون وسيط _bn _2rdamedia |
||
| 338 |
_aمجلد _bnc _2rdacarrier |
||
| 500 | _aيشتمل على كشافات. | ||
| 504 | _aببليوجرافية : صفحة 149-161. | ||
| 651 | 7 |
_aالقيروان (تونس) _xتاريخ _2aucsh |
|
| 651 | 7 |
_aالقيروان (تونس) _xسياسة ثقافية _2aucsh |
|
| 942 |
_2ddc _cBOOK _n0 |
||
| 949 |
_aSA-JeALM _d250920 _umohamedma123 _n1 |
||
| 999 |
_c12096 _d12096 |
||